| 000 | 00000nam##2200000za#4500 |
| 001 | 9.650159 |
| 003 | CaOODSP |
| 005 | 20210929082800 |
| 007 | ta |
| 008 | 150407|2006||||xxc||||| f|0| 0 eng|d |
| 020 | |a0-662-43152-9 |
| 040 | |aCaOODSP|beng |
| 043 | |an-cn--- |
| 086 | 1 |aFo124-6/2006E |
| 110 | 1 |aCanada. |bNatural Resources Canada. |bCanadian Forest Service. |
| 245 | 12|aA visual guide to detecting emerald ash borer damage / |cprepared by Peter de Groot ... [et al.] |
| 260 | |aSault Ste. Marie - Ontario : |bNatural Resources Canada. |cc2006. |
| 300 | |a16p. : |bphotographs ; |c21 cm. |
| 520 | 3 |aWill help people interested in tree care to detect trees that have been attacked and damaged by the emerald ash borer. |
| 563 | |aSpiral binding |
| 590 | |a08-22|b2008-05-30 |
| 720 | 1 |ade Groot, Peter |
| 775 | 08|tGuide visuel pour la détection des dommages causés par l'agrile du frêne / |w(CaOODSP)9.683284 |
| 776 | 0#|tA visual guide to detecting emerald ash borer damage / |w(CaOODSP)9.691101 |